Cartas a Maripepa : (Record no. 182142)
[ view plain ]
| 000 -LEADER | |
|---|---|
| campo de control de longitud fija | 01198nam a2200277 i 4500 |
| 001 - NÚMERO DE CONTROL | |
| campo de control | 182142 |
| 003 - IDENTIFICADOR DE NÚMERO DE CONTROL | |
| campo de control | ES-MaACL |
| 005 - FECHA Y HORA DE LA ÚLTIMA TRANSACCIÓN | |
| campo de control | 20240208063119.0 |
| 008 - DATOS DE LONGITUD FIJA--INFORMACIÓN GENERAL | |
| campo de control de longitud fija | 130620s2012 sp a | |||||||| | spa d |
| 017 ## - NÚMERO DE COPYRIGHT O DE DEPÓSITO LEGAL | |
| Número de copyright o de depósito legal | M 19775-2012 |
| Agencia que asigna | Oficina Depósito Legal Madrid |
| 020 ## - NÚMERO INTERNACIONAL ESTÁNDAR DEL LIBRO | |
| Número Internacional Estándar del Libro | 9788493641597 |
| 080 ## - NÚMERO DE LA CLASIFICACIÓN DECIMAL UNIVERSAL | |
| Número de la Clasificación Decimal Universal | 929 Botella Llusiá, José |
| 100 1# - ENTRADA PRINCIPAL--NOMBRE DE PERSONA | |
| Nombre de persona | Botella Llusiá, José, |
| Fechas asociadas al nombre | 1912-2002 |
| Término indicativo de función/relación | Autor |
| 9 (RLIN) | 30758 |
| 245 10 - MENCIÓN DEL TÍTULO | |
| Título | Cartas a Maripepa : |
| Resto del título | relatos íntimos de tiempos cruciales / |
| Mención de responsabilidad, etc. | José Botella Llusiá. |
| 250 ## - MENCION DE EDICION | |
| Mención de edición | 1ª ed.: 2012 |
| 260 ## - PUBLICACIÓN, DISTRIBUCIÓN, ETC. | |
| Lugar de publicación, distribución, etc. | Madrid : |
| Nombre del editor, distribuidor, etc. | Cátedra "Gregorio Marañón", Ateneo de Madrid, |
| Fecha de publicación, distribución, etc. | 2012 |
| 300 ## - DESCRIPCIÓN FÍSICA | |
| Extensión | 596 páginas, [32] páginas de láminas (blanco y negro y color) ; |
| Dimensiones | 25 cm |
| 500 ## - NOTA GENERAL | |
| Nota general | Índice |
| 600 14 - PUNTO DE ACCESO ADICIONAL DE MATERIA--NOMBRE DE PERSONA | |
| Nombre de persona | Botella Llusiá, José, |
| Fechas asociadas al nombre | 1912-2002 |
| 9 (RLIN) | 30758 |
| 710 2# - ENTRADA AGREGADA--NOMBRE DE ENTIDAD CORPORATIVA | |
| Nombre de entidad corporativa o nombre de jurisdicción como elemento de entrada | Ateneo de Madrid. |
| Unidad subordinada | Cátedra Gregorio Marañón. |
| 9 (RLIN) | 152925 |
| Término indicativo de función/relación | Editor |
| 852 ## - LOCALIZACIÓN | |
| Ubicación | ES-MaACL |
| Número de control de estantería | N-8212/Ej.1 |
| Ubicación en estantería | Depósito J |
| Donativo/Legado | Donación: Editorial |
| Encuadernación | Encuadernación: cartoné |
| itemnumber | 189052 |
| 852 ## - LOCALIZACIÓN | |
| Ubicación | ES-MaACL |
| Número de control de estantería | A-12712 |
| Ubicación en estantería | Depósito 1 |
| Sublocalización o colección | R.148856 |
| Signatura antigua | Olim: N-5712 |
| Donativo/Legado | Donación: Editorial |
| Encuadernación | Encuadernación: cartoné |
| itemnumber | 189053 |
| 942 ## - ELEMENTOS DE ENTRADA SECUNDARIOS (KOHA) | |
| Fuente del sistema de clasificación o colocación | Clasificación decimal universal |
| Tipo de ítem Koha | Libro impreso |
| Suprimir en OPAC | No |
| Estatus retirado | Estado de pérdida | Fuente del sistema de clasificación o colocación | Estado de daño | Restricciones de uso | No para préstamo | Colección | Biblioteca de origen | Biblioteca actual | Ubicación en estantería | Fecha de adquisición | Fuente de adquisición | Total de préstamos | Signatura topográfica completa | Código de barras | Visto por última vez | Tipo de ítem Koha |
|---|---|---|---|---|---|---|---|---|---|---|---|---|---|---|---|---|
| Clasificación decimal universal | Duplicado | Fondo Ateneo de Madrid | Biblioteca del Ateneo de Madrid | Biblioteca del Ateneo de Madrid | Depósito J | 31/10/2022 | Donación | N-8212/Ej.1 | 101206681 | 23/02/2023 | Libro impreso | |||||
| Clasificación decimal universal | Fondo Ateneo de Madrid | Biblioteca del Ateneo de Madrid | Biblioteca del Ateneo de Madrid | Depósito 1 | 20/06/2013 | Donación | A-12712 | 1191411 | 23/02/2023 | Libro impreso |
